India Economic Development and Social Opportunity/ (Record no. 202633)
[ view plain ]
| 000 -LEADER | |
|---|---|
| fixed length control field | 00612 a2200205 4500 |
| 005 - DATE AND TIME OF LATEST TRANSACTION | |
| control field | 20240503141541.0 |
| 010 ## - LCCN (DPL NO) | |
| LC control number | B-758856 |
| 020 ## - INTERNATIONAL STANDARD BOOK NUMBER | |
| International Standard Book Number | 09198290128 |
| Terms of availability | 0.00 |
| 035 ## - SYSTEM CONTROL NUMBER | |
| System control number | B-758856 |
| 037 ## - SOURCE OF ACQUISITION | |
| Source of stock number/acquisition | Gift/Unesco |
| 082 ## - DEWEY DECIMAL CLASSIFICATION NUMBER | |
| Classification number | 330.954 |
| 100 ## - MAIN ENTRY--PERSONAL NAME | |
| Personal name | Dreze, Jean |
| 245 ## - TITLE STATEMENT | |
| Title | India Economic Development and Social Opportunity/ |
| Remainder of title | Jean Dreze [and] Amartya Sen |
| 260 ## - PUBLICATION, DISTRIBUTION, ETC. (IMPRINT) | |
| Place of publication, distribution, etc | Delhi |
| Name of publisher, distributor, etc | Oxford |
| Date of publication, distribution, etc | 1995 |
| 270 ## - ADDRESS | |
| Address | Delhi |
| 300 ## - PHYSICAL DESCRIPTION | |
| Extent | 292 p.; |
| Dimensions | 22cm. (Hb) |
| 700 ## - ADDED ENTRY--PERSONAL NAME | |
| Personal name | Sen, Amartya |
| 9 (RLIN) | 65613 |
| 942 ## - ADDED ENTRY ELEMENTS (KOHA) | |
| Institution code [OBSOLETE] | dpl |
| Item type | English Books |
| Source of classification or shelving scheme | Dewey Decimal Classification |
| Classification part | 330.954 |
| Call number suffix | SEN |
| Withdrawn status | Lost status | Not for loan | Collection code | Home library | Current library | Date acquired | Source of acquisition | Cost, normal purchase price | Full call number | Barcode | Copy number | Cost, replacement price | Koha item type | Public note |
|---|---|---|---|---|---|---|---|---|---|---|---|---|---|---|
| Non-fiction | Narela | Narela | 03/05/2024 | Gift/29.4.24 | 0.00 | 330.954 SEN | B-758856 | 1 | 0.00 | English Books | Gift |
